[Event "ESP-ch U12"]
[Site "Salobrena"]
[Date "2022.07.11"]
[Round "1"]
[White "Rey Martinez, Jaime"]
[Black "Canle Ruiz, Oier"]
[Result "1-0"]
[WhiteElo "2117"]
[BlackElo "1280"]
[PlyCount "89"]
[EventDate "2022.07.04"]
[EventType "swiss"]
[EventRounds "9"]
[EventCountry "ESP"]
[SourceTitle "EXT 2023"]
[Source "ChessBase"]
[SourceDate "2022.10.05"]
[SourceVersion "1"]
[SourceVersionDate "2022.10.05"]
[SourceQuality "1"]

1. e4 e6 2. d4 d5 3. Nc3 Bb4 4. Qd3 Nf6 5. e5 Nfd7 6. a3 Ba5 7. Qg3 Rg8 8. Bd3 g6 9. Bg5 f6 10. exf6 Nxf6 11. Qh4 Nbd7 12. Nf3 Qe7 13. 0-0 c6 14. Rfe1 Bd8 15. Ne5 c5 16. Nxd7 Bxd7 17. Nxd5 Qf7 18. Bxf6 Bxf6 19. Nxf6+ Kf8 20. Nxd7+ Qxd7 21. Qf6+ Qf7 22. Qxf7+ Kxf7 23. dxc5 Rac8 24. b4 a5 25. h3 Rgd8 26. Bc4 Re8 27. Rad1 axb4 28. axb4 b6 29. c6 Re7 30. b5 Kf6 31. Rd6 Rce8 32. g4 g5 33. Kg2 h6 34. Kg3 Kf7 35. Rdxe6 Rxe6 36. Rxe6 Rc8 37. Rxh6+ Ke7 38. Rg6 Ra8 39. Rg8 Ra3+ 40. Bb3 Kd6 41. Rxg5 Ra7 42. Rd5+ Ke7 43. Rd7+ Rxd7 44. cxd7 Kxd7 45. h4 1-0